000
00201pam a2200097 a 4500
020
_c
041
_a
eng
100
_a
Microsoft .
245
_a
Performance Testing NET
_h
Textual Documents
930
_a
7342
999
_c
84253
_d
84253